Euro - pravidla pro provádění konverzí
Nariadenie Európskej komisie č. 1107/1997 upravuje právnu stránku procesu zavádzania jednotnej európskej meny Euro. Základné pravidlá pri uskutočňovaní konverzie. Konverzia medzi Eurom a Kč.
Gespeichert in:
| 1. Verfasser: | |
|---|---|
| Format: | Buchkapitel |
| Sprache: | Tschechisch |
| Schlagworte: | |
| Tags: |
Keine Tags, Fügen Sie das erste Tag hinzu!
|
MARC
| LEADER | 00000naa a2200000 4500 | ||
|---|---|---|---|
| 001 | r033163 | ||
| 005 | 20230920095223.4 | ||
| 041 | 0 | |a cze | |
| 044 | |a CZ | ||
| 245 | 1 | 0 | |a Euro - pravidla pro provádění konverzí |c Roman Šilha |
| 520 | |a Nariadenie Európskej komisie č. 1107/1997 upravuje právnu stránku procesu zavádzania jednotnej európskej meny Euro. Základné pravidlá pri uskutočňovaní konverzie. Konverzia medzi Eurom a Kč. | ||
| 610 | 2 | 0 | |a únie menové |
| 610 | 2 | 0 | |a euro |
| 610 | 2 | 0 | |a konvertibilita |
| 610 | 2 | 0 | |a mena |
| 610 | 2 | 0 | |a Európska únia |
| 610 | 2 | 0 | |a Česko |
| 610 | 2 | 0 | |a zákony |
| 610 | 2 | 0 | |a 1997 |
| 100 | 1 | |a Šilha, Roman | |